000
00255nam a22001217a 4500
020
_a
817826859-0
082
_a
494
_b
ROH/N
245
_a
NAITHIK KADHAOM
260
_a
DELHI
_b
ROHAN BOOK COMPANY
300
_a
16
650
_a
HINDI STORY
_z
DELHI
942
_c
BK
999
_c
4936
_d
4936